Secret of Persuasion : tricks of the trade to get your ideas across /

Bibliographic Details
Main Author: Moss, Geoffrey
Format: Book
Published: Singapore: Thomson, c2006.
Subjects:
LEADER 00584cam a2200193 7i4500
001 0000010800
005 20151104090000.0
005 ##20151104112400.0
003 ##MY-KlINT
020 # # |a 9789814232333  
039 # 9 |y 201511041124  |z VLOAD 
090 0 0 |a 658.45   |b MOS 
100 1 # |a Moss, Geoffrey 
245 1 0 |a Secret of Persuasion :   |b tricks of the trade to get your ideas across /   |c Geoffrey Moss. 
260 # # |a Singapore:   |b Thomson,   |c c2006. 
300 # # |a xv, 181p:   |b ill;   |c 23cm. 
500 # # |a Includes index 
650 # 0 |a Business communication  
999 |a 0000064265  |b BOOK  |c Main Non-Fiction  |e INTAN BK